<?xml version="1.0" encoding="UTF-8"?>
<record
    xmlns:xsi="http://www.w3.org/2001/XMLSchema-instance"
    xsi:schemaLocation="http://www.loc.gov/MARC21/slim http://www.loc.gov/standards/marcxml/schema/MARC21slim.xsd"
    xmlns="http://www.loc.gov/MARC21/slim">

  <leader>00584nam a2200169Ia 4500</leader>
  <controlfield tag="008">180921t2018    xxu||||| |||| 00| 0 sin d</controlfield>
  <datafield tag="041" ind1=" " ind2=" ">
    <subfield code="a">sin</subfield>
  </datafield>
  <datafield tag="080" ind1=" " ind2=" ">
    <subfield code="a">8-31</subfield>
    <subfield code="b">&#xDA9;&#xDDC;&#xDBA;&#xDD2;&#xDBD;&#xDCA;</subfield>
  </datafield>
  <datafield tag="100" ind1=" " ind2=" ">
    <subfield code="a">&#xDA9;&#xDDC;&#xDBA;&#xDD2;&#xDBD;&#xDCA;, &#xD86;&#xDAD;&#xDBB;&#xDCA; &#xD9A;&#xDDC;&#xDB1;&#xDB1;&#xDCA;</subfield>
  </datafield>
  <datafield tag="245" ind1=" " ind2=" ">
    <subfield code="a">&#xD85;&#xDB7;&#xDD2;&#xDBB;&#xDC4;&#xDC3;&#xDCA; &#xDBD;&#xDD2;&#xDB4;&#xDD2;&#xD9A;&#xDBB;&#xDD4;&#xDC0;&#xDCF;</subfield>
  </datafield>
  <datafield tag="260" ind1=" " ind2=" ">
    <subfield code="b">&#xD9C;&#xDD4;&#xDAB;&#xDC3;&#xDDA;&#xDB1;</subfield>
    <subfield code="a">&#xD9A;&#xDDC;&#xDC5;&#xDB9;</subfield>
    <subfield code="c">2018</subfield>
  </datafield>
  <datafield tag="300" ind1=" " ind2=" ">
    <subfield code="a">&#xDC3;&#xDD9;.&#xDB8;&#xDD2;.14, &#xDB4;&#xDD2;.34</subfield>
  </datafield>
  <datafield tag="700" ind1=" " ind2=" ">
    <subfield code="a">&#xDB1;&#xDD2;&#xDBB;&#xD82;&#xDA2;&#xDB1;&#xDCA; &#xDA0;&#xDCF;&#xDB8;&#xDD2;&#xDB1;&#xDCA;&#xDAF; &#xD9A;&#xDBB;&#xDD4;&#xDAB;&#xDCF;&#xDAD;&#xDD2;&#xDBD;&#xD9A;</subfield>
    <subfield code="e">&#xDB4;&#xDBB;&#xDD2;.</subfield>
  </datafield>
  <datafield tag="942" ind1=" " ind2=" ">
    <subfield code="c">BK</subfield>
  </datafield>
  <datafield tag="952" ind1=" " ind2=" ">
    <subfield code="0">0</subfield>
    <subfield code="1">0</subfield>
    <subfield code="4">0</subfield>
    <subfield code="7">0</subfield>
    <subfield code="8">TRAN</subfield>
    <subfield code="a">MAIN</subfield>
    <subfield code="b">MAIN</subfield>
    <subfield code="d">2022-02-11</subfield>
    <subfield code="o">8-31 &#xDA9;&#xDDC;&#xDBA;&#xDD2;&#xDBD;&#xDCA;</subfield>
    <subfield code="p">P43090</subfield>
    <subfield code="r">2023-06-01</subfield>
    <subfield code="w">2023-06-01</subfield>
    <subfield code="y">BK</subfield>
  </datafield>
  <datafield tag="999" ind1=" " ind2=" ">
    <subfield code="c">10580</subfield>
    <subfield code="d">10580</subfield>
  </datafield>
  <controlfield tag="003">LK-CoDNM</controlfield>
  <datafield tag="040" ind1=" " ind2=" ">
    <subfield code="a">LK-CoDNM</subfield>
    <subfield code="d">LK-CoDNM</subfield>
    <subfield code="e">LK-CoDNM</subfield>
  </datafield>
</record>
